| 000 | 00803nam a2200217 4500 | ||
|---|---|---|---|
| 008 | 060127s1985 ilum b a001 0 eng | ||
| 020 | _a0802403840 : USD6.95 | ||
| 090 |
_aBV4501.2 _bR29w |
||
| 245 | 0 | 0 |
_aRenewing your mind in a secular world / _cedited by John D. Woodbridge. |
| 260 |
_aChicago : _bMoody Press, _cc1985. |
||
| 300 |
_axi, 179 p. ; _c22 cm. |
||
| 504 | _aIncludes bibliographical references and indexes. | ||
| 650 | 4 |
_aChristian life _y1960- _xAddresses, essays, lectures. |
|
| 650 | 4 | _aChristian life. | |
| 650 | 4 |
_aMeditation _xAddresses, essays, lectures. |
|
| 650 | 4 | _aMeditations. | |
| 650 | 4 | _aSpiritual life. | |
| 651 | 4 |
_aUnited States _xMoral conditions. |
|
| 700 | 1 |
_aWoodbridge, John D., _d1941- |
|
| 951 |
_p9173 _x00008745 _oBV4501.2/R29w _j070613111539328 _d2000-12-21 _cGC |
||
| 999 |
_c25755 _d25755 |
||